Home Print Resources E-Books E-Journals IIMT Lecture Series Library Membership Form Book Recommendation Form Campus Tour Take AdmissionAbout Us Contact Us

RACHNA SHAREER-1 (Record no. 67190)

000 -LEADER
fixed length control field 00297nam a22001337a 4500
008 - FIXED-LENGTH DATA ELEMENTS--GENERAL INFORMATION
fixed length control field 260312b |||||||| |||| 00| 0 eng d
020 ## - ISBN
International Standard Book Number 9789390777594
040 ## - CATALOGING SOURCE
Original cataloging agency IIMT Ayurveda Medical College and Hospital(0669)
100 ## - MAIN ENTRY--PERSONAL NAME
Personal name SINGH,M.
245 ## - TITLE STATEMENT
Title RACHNA SHAREER-1
260 ## - PUBLICATION, DISTRIBUTION, ETC. (IMPRINT)
Place of publication, distribution, etc VARANSHI
Name of publisher, distributor, etc CHAUKHAMBA
Date of publication, distribution, etc 2023
300 ## - PHYSICAL DESCRIPTION
Pages 556
942 ## - ADDED ENTRY ELEMENTS (KOHA)
Koha item type Text-Book- for 7 days
952 ## - LOCATION AND ITEM INFORMATION (KOHA)
-- 2026-04-16
-- 2026-03-12
952 ## - LOCATION AND ITEM INFORMATION (KOHA)
-- 2026-05-09
-- 2026-05-02
-- 2026-03-12
952 ## - LOCATION AND ITEM INFORMATION (KOHA)
-- 2026-05-03
-- 2026-04-23
-- 2026-03-12
952 ## - LOCATION AND ITEM INFORMATION (KOHA)
-- 2026-03-25
-- 2026-03-12
952 ## - LOCATION AND ITEM INFORMATION (KOHA)
-- 2026-05-09
-- 2026-05-02
-- 2026-03-12
952 ## - LOCATION AND ITEM INFORMATION (KOHA)
-- 2026-05-07
-- 2026-04-30
-- 2026-03-12
952 ## - LOCATION AND ITEM INFORMATION (KOHA)
-- 2026-05-07
-- 2026-04-30
-- 2026-03-12
952 ## - LOCATION AND ITEM INFORMATION (KOHA)
-- 2026-03-30
-- 2026-03-12
952 ## - LOCATION AND ITEM INFORMATION (KOHA)
-- 2026-03-12
952 ## - LOCATION AND ITEM INFORMATION (KOHA)
-- 2026-03-26
-- 2026-03-12
952 ## - LOCATION AND ITEM INFORMATION (KOHA)
-- 2026-05-09
-- 2026-05-02
-- 2026-03-12
952 ## - LOCATION AND ITEM INFORMATION (KOHA)
-- 2026-05-09
-- 2026-05-02
-- 2026-03-12
952 ## - LOCATION AND ITEM INFORMATION (KOHA)
-- 2026-04-15
-- 2026-03-12
952 ## - LOCATION AND ITEM INFORMATION (KOHA)
-- 2026-05-09
-- 2026-05-02
-- 2026-03-12
952 ## - LOCATION AND ITEM INFORMATION (KOHA)
-- 2026-05-05
-- 2026-04-28
-- 2026-03-12
952 ## - LOCATION AND ITEM INFORMATION (KOHA)
-- 2026-05-09
-- 2026-05-02
-- 2026-03-12
952 ## - LOCATION AND ITEM INFORMATION (KOHA)
-- 2026-05-09
-- 2026-05-02
-- 2026-03-12
952 ## - LOCATION AND ITEM INFORMATION (KOHA)
-- 2026-04-25
-- 2026-03-12
952 ## - LOCATION AND ITEM INFORMATION (KOHA)
-- 2026-05-06
-- 2026-04-29
-- 2026-03-12
952 ## - LOCATION AND ITEM INFORMATION (KOHA)
-- 2026-05-03
-- 2026-04-24
-- 2026-03-12
Holdings
Withdrawn status Lost status Source of classification or shelving scheme Damaged status Not for loan Location (home branch) Sublocation or collection (holding branch) Date acquired Source of Acquisition Cost Normal purchase price Koha issues (times borrowed) Koha full call number Accession No. Koha date last seen Koha item type
          IIMT Ayurveda Medical College and Hospital(0669) IIMT Ayurveda Medical College and Hospital(0669) 03/07/2026 R LALL 450.00 3 611(SIN) 30-B-8700 04/24/2026 Text-Book- for 7 days
          IIMT Ayurveda Medical College and Hospital(0669) IIMT Ayurveda Medical College and Hospital(0669) 03/07/2026 R LALL 450.00 4 611(SIN) 30-B-8701 05/02/2026 Text-Book- for 7 days
          IIMT Ayurveda Medical College and Hospital(0669) IIMT Ayurveda Medical College and Hospital(0669) 03/07/2026 R LALL 450.00 4 611(SIN) 30-B-8702 04/23/2026 Text-Book- for 7 days
          IIMT Ayurveda Medical College and Hospital(0669) IIMT Ayurveda Medical College and Hospital(0669) 03/07/2026 R LALL 450.00 2 611(SIN) 30-B-8703 04/27/2026 Text-Book- for 7 days
          IIMT Ayurveda Medical College and Hospital(0669) IIMT Ayurveda Medical College and Hospital(0669) 03/07/2026 R LALL 450.00 5 611(SIN) 30-B-8704 05/02/2026 Text-Book- for 7 days
          IIMT Ayurveda Medical College and Hospital(0669) IIMT Ayurveda Medical College and Hospital(0669) 03/07/2026 R LALL 450.00 5 611(SIN) 30-B-8705 04/30/2026 Text-Book- for 7 days
          IIMT Ayurveda Medical College and Hospital(0669) IIMT Ayurveda Medical College and Hospital(0669) 03/07/2026 R LALL 450.00 5 611(SIN) 30-B-8706 04/30/2026 Text-Book- for 7 days
          IIMT Ayurveda Medical College and Hospital(0669) IIMT Ayurveda Medical College and Hospital(0669) 03/07/2026 R LALL 450.00 2 611(SIN) 30-B-8707 04/04/2026 Text-Book- for 7 days
          IIMT Ayurveda Medical College and Hospital(0669) IIMT Ayurveda Medical College and Hospital(0669) 03/07/2026 R LALL 450.00   611(SIN) 30-B-8708 03/12/2026 Text-Book- for 7 days
          IIMT Ayurveda Medical College and Hospital(0669) IIMT Ayurveda Medical College and Hospital(0669) 03/07/2026 R LALL 450.00 1 611(SIN) 30-B-8709 04/15/2026 Text-Book- for 7 days
          IIMT Ayurveda Medical College and Hospital(0669) IIMT Ayurveda Medical College and Hospital(0669) 03/07/2026 R LALL 450.00 4 611(SIN) 30-B-8710 05/02/2026 Text-Book- for 7 days
          IIMT Ayurveda Medical College and Hospital(0669) IIMT Ayurveda Medical College and Hospital(0669) 03/07/2026 R LALL 450.00 4 611(SIN) 30-B-8711 05/02/2026 Text-Book- for 7 days
          IIMT Ayurveda Medical College and Hospital(0669) IIMT Ayurveda Medical College and Hospital(0669) 03/07/2026 R LALL 450.00 2 611(SIN) 30-B-8712 04/23/2026 Text-Book- for 7 days
          IIMT Ayurveda Medical College and Hospital(0669) IIMT Ayurveda Medical College and Hospital(0669) 03/07/2026 R LALL 450.00 4 611(SIN) 30-B-8713 05/02/2026 Text-Book- for 7 days
          IIMT Ayurveda Medical College and Hospital(0669) IIMT Ayurveda Medical College and Hospital(0669) 03/07/2026 R LALL 450.00 4 611(SIN) 30-B-8714 04/28/2026 Text-Book- for 7 days
          IIMT Ayurveda Medical College and Hospital(0669) IIMT Ayurveda Medical College and Hospital(0669) 03/07/2026 R LALL 450.00 2 611(SIN) 30-B-8715 05/02/2026 Text-Book- for 7 days
          IIMT Ayurveda Medical College and Hospital(0669) IIMT Ayurveda Medical College and Hospital(0669) 03/07/2026 R LALL 450.00 2 611(SIN) 30-B-8716 05/02/2026 Text-Book- for 7 days
          IIMT Ayurveda Medical College and Hospital(0669) IIMT Ayurveda Medical College and Hospital(0669) 03/07/2026 R LALL 450.00 2 611(SIN) 30-B-8717 05/02/2026 Text-Book- for 7 days
          IIMT Ayurveda Medical College and Hospital(0669) IIMT Ayurveda Medical College and Hospital(0669) 03/07/2026 R LALL 450.00 3 611(SIN) 30-B-8718 04/29/2026 Text-Book- for 7 days
          IIMT Ayurveda Medical College and Hospital(0669) IIMT Ayurveda Medical College and Hospital(0669) 03/07/2026 R LALL 450.00 4 611(SIN) 30-B-8719 04/24/2026 Text-Book- for 7 days
IIMT, Central Library. All Rights Reserved IIMT,UNIVERSITY © 2023
Implemented and Customised by I CLOUDE EMS
You Are OPAC Visitor No
free web counter

Powered by Koha